Les 20 plus grandes villes de l'Isère sur une carte - Statistiques

Statistiques générales
  • Ce quiz a été pris 177 fois
  • Le résultat moyen est 11 sur 20
Réponses sur la Carte
Les réponses sont colorées sur une échelle allant du rouge au vert en fonction du pourcentage des utilisateurs qui les ont devinées à leur premier essai. Vous pouvez retrouver ces pourcentages ci-dessous.
 
Statistiques - réponses
Commune Population % Correct
Grenoble 156 389
99%
Échirolles 36 708
91%
Voiron 21 604
87%
Bourgoin-Jallieu 29 816
82%
Vienne 31 555
79%
Saint-Martin-d'Hères 38 022
78%
Fontaine 22 471
65%
Voreppe 9 845
58%
L'Isle-d'Abeau 17 096
57%
Meylan 18 790
55%
Saint-Égrève 17 930
52%
Villefontaine 19 018
48%
Vif 8 557
45%
Crolles 8 463
44%
Le Pont-de-Claix 10 846
42%
Sassenage 11 579
42%
Eybens 10 095
40%
Seyssinet-Pariset 11 784
36%
Roussillon 8 584
29%
Charvieu-Chavagneux 10 459
14%
Aucun quiz correspondant
Distribution des résultats
% des personnes avec chaque résultat
Percentile par nombre de réponses
Votre historique - résultats
Vous n’avez pas pris ce quiz